京都駅前バスターミナル(烏丸口)から発車する路線バスの行先 - Statistics

General Stats
  • This quiz has been taken 54 times
  • The average score is 17 of 49
Answer Stats
のりば 系統 行先 % Correct
A2 市バス205系統 北大路バスターミナル
95%
A3 市バス206系統 北大路バスターミナル
95%
B3 市バス205系統 北大路バスターミナル
95%
D2 市バス206系統 北大路バスターミナル
95%
B2 市バス50系統 立命館大学前
81%
B2 市バス・JRバス 快速立命館 立命館大学前
81%
B3 市バス208系統 九条車庫前
70%
C1 市バス205(快速205)系統 九条車庫前
70%
D2 市バス208系統 九条車庫前
70%
A2 市バス7系統 錦林車庫前
62%
C3 京都バス17・特17系統 大原
54%
A1 市バス5系統 岩倉操車場前
49%
C5 市バス23系統 洛西バスターミナル
41%
C5 市バス33(特33)系統 洛西バスターミナル
41%
C5 市バス75系統 山越中町
41%
D3 市バス26系統 山越中町
41%
A2 市バス4系統 西賀茂車庫前
38%
B1 市バス9系統 西賀茂車庫前
38%
C4 市バス19系統 横大路車庫前
38%
C4 市バス81系統 横大路車庫前
38%
C4 市バス南5系統 横大路車庫前
38%
JR3 JRバス高雄京北線 周山
38%
C4 市バス南5系統 竹田駅東口
35%
C2 京阪京都交通21・26・27系統 桂坂中央
30%
C5 市バス28系統 大覚寺
30%
JR3 JRバス高雄京北線 栂ノ尾
30%
C5 市バス28系統 松尾橋
24%
C4 市バス84系統 太秦天神川駅前
22%
C5 京都バス51系統 比叡山頂
22%
C5 京阪バス57系統 比叡山頂
22%
A1 市バス5系統 修学院道
16%
B3 市バス58系統 梅小路公園・京都鉄道博物館前
16%
B3 市バス86系統 梅小路公園・京都鉄道博物館前
16%
A3 市バス6系統 玄琢下
11%
C3 京都バス15系統 高野車庫
11%
C5 京都バス76系統 阪急嵐山駅前
11%
C5 京都バス75系統 有栖川
11%
C2 京阪京都交通15系統 JR桂川駅前
11%
C2 京阪京都交通26B系統 桂イノベーションパーク前
8%
C4 市バス16系統 京都駅八条口
8%
C4 市バス42系統 洛西口駅前
8%
D2 京都バス臨東山系統 高野橋東詰
8%
B3 市バス205系統 烏丸北大路
5%
C2 京阪京都交通2系統 保津川下り乗船場
5%
C2 京阪京都交通14系統 長峰
5%
C2 京阪京都交通2系統 JR亀岡駅南口
5%
C2 京阪京都交通21A・28A系統 京都成章高校前
3%
C4 市バス81系統 京阪中書島・伏見港公園
3%
C5 京都バス73・83系統 苔寺すず虫寺
3%
No matching quizzes found
Score Distribution
Percent of People with Each Score
Percentile by Number Answered
Your Score History
You have not taken this quiz